Optimization (Record no. 3569)

000 -LEADER
fixed length control field 00555nam a2200205 a 4500
001 - CONTROL NUMBER
control field 3569
003 - CONTROL NUMBER IDENTIFIER
control field BD-DhUET
008 - FIXED-LENGTH DATA ELEMENTS--GENERAL INFORMATION
fixed length control field 990311s2000 nyua b 001 0 eng
020 ## - INTERNATIONAL STANDARD BOOK NUMBER
International Standard Book Number 0471351695
040 ## - CATALOGING SOURCE
Original cataloging agency DLC
Transcribing agency DLC
Modifying agency BD-DhUET
082 00 - DEWEY DECIMAL CLASSIFICATION NUMBER
Classification number 519.4
Item number MIL/2000
100 1# - MAIN ENTRY--PERSONAL NAME
Personal name Miller, Ronald E.
245 10 - TITLE STATEMENT
Title Optimization
Remainder of title foundations and applications
250 ## - EDITION STATEMENT
Edition statement 1st ed.
260 ## - PUBLICATION, DISTRIBUTION, ETC. (IMPRINT)
Place of publication, distribution, etc. New York
Name of publisher, distributor, etc. John Wiley & Sons
Date of publication, distribution, etc. 2000.
300 ## - PHYSICAL DESCRIPTION
Extent xvvii, 653 p.
Other physical details ill.
Dimensions 26 cm.
504 ## - BIBLIOGRAPHY, ETC. NOTE
Bibliography, etc Includes bibliographies
650 #0 - SUBJECT ADDED ENTRY--TOPICAL TERM
Topical term or geographic name as entry element Mathematical optimization
942 ## - ADDED ENTRY ELEMENTS (KOHA)
Koha item type General Book
Holdings
Location (home branch) Koha item type Sublocation or collection (holding branch) Koha date last borrowed Copy number Withdrawn status Koha date last seen Not for loan Shelving location Damaged status Date acquired Koha issues (times borrowed) Price effective from Source of classification or shelving scheme Koha full call number Koha normalized classification for sorting Lost status Piece designation (barcode)
Central Library, BUETGeneral BookCentral Library, BUET2019-03-061 2019-03-27 Circulation section 2014-11-0212014-11-02 519.4/MIL/2000519_000000000000000_4MIL2000 98858
Central Library, BUETGeneral BookCentral Library, BUET2017-10-032 2018-05-09 Circulation section 2015-09-0712015-09-07 519.4/MIL/2000519_400000000000000_MIL_2000 98924